[Event "Dulles Colonial op 3rd"]
[Site "Dulles"]
[Date "2022.04.17"]
[Round "8"]
[White "Moolky, Ankush"]
[Black "Stremavicius, Titas"]
[Result "0-1"]
[WhiteElo "1939"]
[BlackElo "2510"]
[PlyCount "90"]
[EventDate "2022.04.13"]
[EventType "swiss"]
[EventRounds "9"]
[EventCountry "USA"]
[SourceTitle "CBM 207 Extra"]
[Source "ChessBase"]
[SourceDate "2022.05.31"]
[SourceVersion "1"]
[SourceVersionDate "2022.05.31"]
[SourceQuality "1"]

1. d4 f5 2. Nf3 Nf6 3. g3 e6 4. Bg2 Be7 5. 0-0 d5 6. c4 Ne4 7. b3 Nc6 8. Bb2 h5 9. Ne5 Nxe5 10. dxe5 h4 11. Nc3 c6 12. Nxe4 dxe4 13. Qxd8+ Kxd8 14. Rfd1+ Kc7 15. f3 exf3 16. exf3 a5 17. a4 Bd7 18. f4 g5 19. fxg5 Rag8 20. Rd6 hxg3 21. hxg3 Bxd6 22. exd6+ Kxd6 23. Rd1+ Kc7 24. Be5+ Kc8 25. Bf3 Rh7 26. Bf6 Rhg7 27. Kf2 Rxg5 28. Bxg5 Rxg5 29. Re1 Kc7 30. Re5 Kb6 31. c5+ Kc7 32. Be2 Kd8 33. Re3 Rg8 34. b4 axb4 35. Rb3 Kc7 36. Rxb4 Ra8 37. g4 Ra5 38. g5 Rxc5 39. g6 Ra5 40. Rh4 Ra8 41. Rh7 Rg8 42. Bh5 Kd6 43. a5 Be8 44. Rxb7 Bxg6 45. Be2 f4 0-1

[Event "Dulles Colonial op 3rd"]
[Site "Dulles"]
[Date "2022.04.16"]
[Round "7"]
[White "Moolky, Ankush"]
[Black "Kunka, Harshid"]
[Result "1-0"]
[WhiteElo "1939"]
[BlackElo "2078"]
[PlyCount "95"]
[EventDate "2022.04.13"]
[EventType "swiss"]
[EventRounds "9"]
[EventCountry "USA"]
[SourceTitle "CBM 207 Extra"]
[Source "ChessBase"]
[SourceDate "2022.05.31"]
[SourceVersion "1"]
[SourceVersionDate "2022.05.31"]
[SourceQuality "1"]

1. d4 d5 2. c4 dxc4 3. Nf3 Nf6 4. e3 e6 5. Bxc4 c5 6. 0-0 Nc6 7. dxc5 Bxc5 8. Qxd8+ Kxd8 9. b3 a6 10. Bb2 Ke7 11. Nbd2 Bd7 12. Rfd1 b5 13. Be2 Rhd8 14. Ng5 Bb4 15. Nge4 Nxe4 16. Nxe4 f5 17. Ng5 h6 18. Nf3 Kf8 19. Kf1 Be8 20. Rac1 Rac8 21. Rxd8 Rxd8 22. a4 bxa4 23. bxa4 a5 24. Bb5 Rd6 25. Nd4 Nd8 26. Rc8 Ke7 27. Rc7+ Bd7 28. Nf3 Nc6 29. Bxg7 Kd8 30. Rxd7+ Rxd7 31. Bf6+ Kc7 32. Bxc6 Rd1+ 33. Ke2 Rc1 34. Nd4 Kd6 35. f4 Rxc6 36. Be7+ Kxe7 37. Nxc6+ Kd6 38. Nxb4 axb4 39. Kd3 Kd5 40. Kc2 Kc4 41. Kb2 h5 42. g3 b3 43. a5 Kb5 44. Kxb3 Kxa5 45. Kc4 Kb6 46. Kd4 Kc6 47. Ke5 Kd7 48. Kf6 1-0